Central Library, Doon University
WEBOPAC (ONLINE PUBLIC ACCESS CATALOGUE)

Ad Hoc Mobile Wireless Networks (Record no. 60993)

MARC details
000 -LEADER
fixed length control field 00482nam a22001817a 4500
005 - DATE & TIME
control field 20260604114546.0
008 - FIXED-LENGTH DATA ELEMENTS--GENERAL INFORMATION
fixed length control field 260604b |||||||| |||| 00| 0 eng d
020 ## - ISBN
International Standard Book Number 9789332555440
Price 740.00
040 ## - CATALOGING SOURCE
Original cataloging agency Doon University
041 ## - Language
Language English
082 ## - DDC NUMBER
Classification number 621.384
Book Number TOH
100 ## - MAIN ENTRY--PERSONAL NAME
Personal name Toh, C.K.
245 ## - TITLE STATEMENT
Title Ad Hoc Mobile Wireless Networks
Sub Title : Protocols and Systems
260 ## - PUBLICATION, DISTRIBUTION, ETC. (IMPRINT)
Place of publication, distribution, etc Noida
Name of publisher, distributor, etc Pearson
Date of publication, distribution, etc 2023
300 ## - PHYSICAL DESCRIPTION
Pages 293
650 ## - Subject
Subject Computer Science (PM USHA)
942 ## - ADDED ENTRY ELEMENTS (KOHA)
Koha item type Books
100 ## - MAIN ENTRY--PERSONAL NAME
-- 22506
650 ## - Subject
-- 26808
952 ## - LOCATION AND ITEM INFORMATION (KOHA)
-- 2026-06-04
952 ## - LOCATION AND ITEM INFORMATION (KOHA)
-- 2026-06-04
Holdings
Withdrawn status Lost status Source of classification or shelving scheme Damaged status Not for loan Location (home branch) Sublocation or collection (holding branch) Date acquired Koha full call number Accession No. Koha date last seen Koha item type Koha issues (times borrowed)
        Not For Loan Doon University Doon University 04.06.2026 621.384 TOH 34465 04.06.2026 Reference  
          Doon University Doon University 04.06.2026 621.384 TOH 34466 04.06.2026 Books  
Contact : +91-135-2533126 (Library),+91-135-2533105 (Admin Office) , Email : doonlibrary@gmail.com

Powered by Koha